Modern Trends In Vascular Surgery: (Record no. 5027)

MARC details
000 -LEADER
fixed length control field 00653nam a22002057a 4500
003 - CONTROL NUMBER IDENTIFIER
control field OSt
005 - DATE AND TIME OF LATEST TRANSACTION
control field 20160818134800.0
008 - FIXED-LENGTH DATA ELEMENTS--GENERAL INFORMATION
fixed length control field 160818b xxu||||| |||| 00| 0 eng d
020 ## - INTERNATIONAL STANDARD BOOK NUMBER
International Standard Book Number 9781607950509
020 ## - INTERNATIONAL STANDARD BOOK NUMBER
International Standard Book Number 1607950502
040 ## - CATALOGING SOURCE
Transcribing agency DNLM.
082 ## - DEWEY DECIMAL CLASSIFICATION NUMBER
Classification number WG142R619m 2010.
100 ## - MAIN ENTRY--PERSONAL NAME
Personal name Eskandari,K.Mark;Pearce,H.William;Yao,S.T.James;
9 (RLIN) 10768
245 ## - TITLE STATEMENT
Title Modern Trends In Vascular Surgery:
Remainder of title The Ischemic Extemity:New Findings and Treatment.
260 ## - PUBLICATION, DISTRIBUTION, ETC. (IMPRINT)
Place of publication, distribution, etc. USA.
Name of publisher, distributor, etc. Peoples Medical Publishing House.
Date of publication, distribution, etc. 2010
300 ## - PHYSICAL DESCRIPTION
Extent xvi,556p;
Other physical details ill;
Dimensions 26cm.
504 ## - BIBLIOGRAPHY, ETC. NOTE
Bibliography, etc Includes Index and References.
650 ## - SUBJECT ADDED ENTRY--TOPICAL TERM
Topical term or geographic name as entry element Vascular Surgery.
9 (RLIN) 10769
942 ## - ADDED ENTRY ELEMENTS (KOHA)
Source of classification or shelving scheme Other/Generic Classification Scheme
Koha item type Open Shelf
Holdings
Withdrawn status Lost status Source of classification or shelving scheme Damaged status Not for loan Home library Current library Date acquired Source of acquisition Inventory number Total Checkouts Full call number Barcode Date last seen Price effective from Koha item type
    Other/Generic Classification Scheme     MUST Main Library MUST Main Library 18/08/2016   12/36740   WG142R619m 2010. 2016-3702 18/08/2016 18/08/2016 Open Shelf
    Other/Generic Classification Scheme     MUST Main Library MUST Main Library 18/08/2016   12/36739   WG142R619m 2010. 2016-3703 18/08/2016 18/08/2016 Open Shelf
    Other/Generic Classification Scheme     MUST Main Library MUST Main Library 18/08/2016   12/36738   WG142R619m 2010. 2016-3704 18/08/2016 18/08/2016 Open Shelf